[Event "32. Potsdamer Weihnachtsturnier"]
[Site "Potsdam"]
[Date "2007.12.29"]
[Round "6.36"]
[White "Hadlich, Roland"]
[Black "Hoffmann, Axel"]
[Result "0-1"]
[WhiteElo "1533"]
[BlackElo "1379"]
[EventDate "2008.??.??"]
[PlyCount "62"]

1. Nf3 d5 2. d4 Nf6 3. e3 e6 4. c4 c6 5. Nc3 Bd6 6. h3 Nbd7 7. b3 Bb4 8. Bd2
O-O 9. a3 Ba5 10. b4 Bc7 11. cxd5 exd5 12. Bd3 Re8 13. O-O Ne4 14. Qc2 f5
15. Bc1 Ndf6 16. Bxe4 fxe4 17. Ne1 Nh5 18. g4 Re6 19. Ng2 Rg6 20. Ne2 Bxg4
21. hxg4 Rxg4 22. f4 exf3 23. Rxf3 Qh4 24. Nf4 g5 25. Rh3 Qe1+ 26. Kh2 gxf4
27. exf4 Re8 28. Nxe1 Nf6 29. Nd3 Bb6 30. Bb2 Ne4 31. Ne5 Rg7 0-1